División inexacta /

Guardado en:
Autor Principal: Belski, A. A.
Otros Autores: Kaluzhnin, Lev Arkad'evich.
Formato: Libro
Idioma:Spanish
Russian
Publicado: Moscú : Mir, c1980.
Series:Lecciones populares de matemáticas.
Etiquetas: Agregar Etiqueta
Sin Etiquetas, Sea el primero en etiquetar este registro!
LEADER 00679nam a22001935a 4500
001 MAT.inmabb006645
008 120814s1980####ru#a#####b####000#0#spa#d
005 20170515150412.0
245 1 1 |a División inexacta /  |c A. A. Belski y L. A. Kaluzhnin ; traducido del ruso por Antonio Molina García. 
260 |a Moscú :  |b Mir,  |c c1980. 
300 |a 80 p. :  |b il. ;  |c 21 cm. 
490 1 |a Lecciones populares de matemáticas 
504 |a Incluye referencias bibliográficas (p. 80). 
100 1 |a Belski, A. A. 
700 1 |a Kaluzhnin, Lev Arkad'evich. 
830 0 |a Lecciones populares de matemáticas. 
084 |a 11-01  |2 msc2000 
041 1 |a spa  |h rus 
859 |h 11  |i B452  |p A-5875  |b BIB. MATEMATICA